000 00249nam a2200097Ia 4500
001 1204588
005 20250827022730.0
008 250824s9999 xx 000 0 und d
245 0 _aKELİLE VE DİMNE
_cBEYDEBA
260 _bMİLLİ EĞİTİM BAKANLIĞI
999 _c1204588
_d1204588